| 000 | 00776nam a2200241 a 4500 | ||
|---|---|---|---|
| 001 | 48738 | ||
| 003 | BD-RjUL | ||
| 005 | 20211209054557.0 | ||
| 008 | 160816s19911990BG |||| |||| 00| 0 ben d | ||
| 020 | _c:TK. 35.00 | ||
| 035 | _a(BD-RjUL)48857 | ||
| 040 |
_aBD-RjUL _bben _cBD-RjUL |
||
| 041 | _aben | ||
| 082 |
_223 _a891.441 _bBED 1991 |
||
| 100 | 1 |
_aবেগম, হেলেনা _9147021 |
|
| 245 | 1 | 0 |
_aদাহন বনের বিহগী / _cহেলেনা বেগম |
| 250 | _a২য় সং. | ||
| 260 |
_aঢাকা : _bনূরজাহান বেগম, _c১৯৯১ |
||
| 300 |
_a৮০ পৃ ; _c২১ সেমি. |
||
| 650 |
_aবাংলা কবিতা _9146440 |
||
| 650 |
_aBengali Poetry _9146441 |
||
| 942 |
_2ddc _cBK |
||
| 999 |
_c48738 _d48738 |
||